000 00792nam a2200277 a 4500
001 37253
003 BD-RjUL
005 20211209052607.0
008 751029s1974 enkabf b 001 0 eng
020 _a0715368605 :
035 _a(BD-RjUL)37355
040 _aDLC
_cDLC
_dDLC
_dBD-RjUL
_beng
041 _aeng
082 0 0 _a910.712
_bBAT 1974
100 1 _aBailey, Patrick.
_9114115
245 1 0 _aTeaching geography /
_cPatrick Bailey.
260 _aNewton Abbot :
_bDavid and Charles,
_c1974.
300 _a267 p., 8 p. of plates :
_bill., maps ;
_c22 cm.
490 0 _aTeaching series
500 _aIncludes index.
504 _aBibliography: p. 235-260.
650 0 _aGeography
_xStudy and teaching.
_9114116
942 _2ddc
_cBK
999 _c37253
_d37253